Изучение реакций глубокого окисления в процессе окислительного дегидрирования бутиленов в дивинил методом меченых молекул: автореферат диссертации на соискание ученой степени кандидата технических наук; Спец. 02.00.04

Bibliografiset tiedot
Päätekijä: Аммосов А. Д. Алексей Дмитриевич
Yhteisötekijä: Академия наук СССР (АН СССР) Сибирское отделение (СО) Институт катализа им. Г. К. Борескова (ИК)
Kieli:venäjä
Julkaistu: Новосибирск, [Б. и.], 1976
Aiheet:
Aineistotyyppi: MixedMaterials Kirja
KOHA link:https://koha.lib.tpu.ru/cgi-bin/koha/opac-detail.pl?biblionumber=350600

MARC

LEADER 00000nam0a2200000 4500
001 350600
005 20231102010323.0
035 |a (RuTPU)RU\TPU\retro\4775 
090 |a 350600 
100 |a 20190211d1976 k y0rusy50 ca 
101 0 |a rus 
102 |a RU 
105 |a a dm 001zy 
200 1 |a Изучение реакций глубокого окисления в процессе окислительного дегидрирования бутиленов в дивинил методом меченых молекул  |e автореферат диссертации на соискание ученой степени кандидата технических наук  |e Спец. 02.00.04 
210 |a Новосибирск  |c [Б. и.]  |d 1976 
215 |a 18 с.  |c ил. 
320 |a Библиогр.: с. (назв.) 
606 1 |a Бутилены  |x Химия  |2 stltpush  |3 (RuTPU)RU\TPU\subj\30726  |9 53792 
606 1 |a Химические реакции, окислительно-восстановительные  |2 stltpush  |3 (RuTPU)RU\TPU\subj\72720  |9 86124 
675 |a 544.41(04)  |v 4 
675 |a 547.313(04)  |v 4 
700 1 |a Аммосов  |b А. Д.  |g Алексей Дмитриевич 
712 0 2 |a Академия наук СССР (АН СССР)  |b Сибирское отделение (СО)  |b Институт катализа им. Г. К. Борескова (ИК)  |c (Новосибирск)  |2 stltpush  |3 (RuTPU)RU\TPU\col\11571 
801 1 |a RU  |b 63413507  |c 20190211 
801 2 |a RU  |b 63413507  |c 20190306  |g RCR 
942 |c BK